<?xml version="1.0" encoding="UTF-8"?>
<record
    xmlns:xsi="http://www.w3.org/2001/XMLSchema-instance"
    xsi:schemaLocation="http://www.loc.gov/MARC21/slim http://www.loc.gov/standards/marcxml/schema/MARC21slim.xsd"
    xmlns="http://www.loc.gov/MARC21/slim">

  <leader>01490nam a2200265 a 4500</leader>
  <controlfield tag="001">000047816</controlfield>
  <controlfield tag="003">DO-SdBNP</controlfield>
  <controlfield tag="005">20240418073804.0</controlfield>
  <controlfield tag="007">ta</controlfield>
  <controlfield tag="008">180822s2014    dr aoc fr     001 edspa d</controlfield>
  <datafield tag="020" ind1=" " ind2=" ">
    <subfield code="a">9789945081138</subfield>
  </datafield>
  <datafield tag="040" ind1=" " ind2=" ">
    <subfield code="a">DO-SdBNP</subfield>
    <subfield code="b">spa</subfield>
    <subfield code="c">BNPHU</subfield>
  </datafield>
  <datafield tag="082" ind1=" " ind2="4">
    <subfield code="2">22</subfield>
    <subfield code="b">M385t</subfield>
  </datafield>
  <datafield tag="100" ind1="1" ind2=" ">
    <subfield code="a">Mart&#xED;nez Alm&#xE1;nzar, Juan Francisco</subfield>
    <subfield code="9">75398</subfield>
  </datafield>
  <datafield tag="245" ind1="1" ind2="0">
    <subfield code="a">Tratado de sociolog&#xED;a general y jur&#xED;dica /</subfield>
    <subfield code="c">Juan Francisco Mart&#xED;nez Alm&#xE1;nzar.</subfield>
  </datafield>
  <datafield tag="260" ind1=" " ind2=" ">
    <subfield code="a">Santo Domingo :</subfield>
    <subfield code="b">9 De Octubre,</subfield>
    <subfield code="c">2014</subfield>
  </datafield>
  <datafield tag="300" ind1=" " ind2=" ">
    <subfield code="a">501,III p. ;</subfield>
    <subfield code="c">22 cm.</subfield>
  </datafield>
  <datafield tag="500" ind1=" " ind2=" ">
    <subfield code="a">Incluye datos biogr&#xE1;ficos del autor en la solapa de la contracubierta.</subfield>
  </datafield>
  <datafield tag="505" ind1="0" ind2=" ">
    <subfield code="a">Ciencias, conocimientos y ciencias sociales --</subfield>
    <subfield code="t">Sociedad y sociolog&#xED;a --</subfield>
    <subfield code="t">Sociolog&#xED;a jur&#xED;dica y derecho --</subfield>
    <subfield code="t">Humanizaci&#xF3;n y religi&#xF3;n --</subfield>
    <subfield code="t">Metodolog&#xED;a de la investigaci&#xF3;n social --</subfield>
    <subfield code="t">Sociolog&#xED;a jur&#xED;dica y distintas corrientes del pensamiento social --</subfield>
    <subfield code="t">Cultura, grupos sociales y comportamiento colectivo --</subfield>
    <subfield code="t">Acci&#xF3;n social, cambio social y desviaci&#xF3;n social --</subfield>
    <subfield code="t">Econom&#xED;a, pobreza marginalidad y subdesarrollo</subfield>
    <subfield code="t">Estratificaci&#xF3;n y clases sociales --</subfield>
    <subfield code="t">Sociolog&#xED;a jur&#xED;dica y los tipos de estructuras --</subfield>
    <subfield code="t">Derecho, neoliberalismo y globalizaci&#xF3;n --</subfield>
    <subfield code="t">La naci&#xF3;n dominicana y reformas constitucionales --</subfield>
    <subfield code="t">Procesos pol&#xED;ticos .</subfield>
  </datafield>
  <datafield tag="590" ind1=" " ind2=" ">
    <subfield code="a">Inventariado, 2018/VM</subfield>
  </datafield>
  <datafield tag="650" ind1=" " ind2="0">
    <subfield code="a">Sociolog&#xED;a</subfield>
    <subfield code="z">Rep&#xFA;blica Dominicana</subfield>
    <subfield code="9">1061</subfield>
  </datafield>
  <datafield tag="650" ind1=" " ind2="4">
    <subfield code="9">34584</subfield>
    <subfield code="a">Ciencias Sociales</subfield>
    <subfield code="x">Ense&#xF1;anza</subfield>
    <subfield code="z">Rep&#xFA;blica Dominicana</subfield>
  </datafield>
  <datafield tag="910" ind1=" " ind2=" ">
    <subfield code="a">MFeliz</subfield>
  </datafield>
  <datafield tag="942" ind1=" " ind2=" ">
    <subfield code="2">ddc</subfield>
    <subfield code="c">LBS1</subfield>
  </datafield>
  <datafield tag="952" ind1=" " ind2=" ">
    <subfield code="0">0</subfield>
    <subfield code="1">0</subfield>
    <subfield code="2">ddc</subfield>
    <subfield code="5">1</subfield>
    <subfield code="7">0</subfield>
    <subfield code="8">PD</subfield>
    <subfield code="a">BNPHU</subfield>
    <subfield code="b">BNPHU</subfield>
    <subfield code="c">HD</subfield>
    <subfield code="d">2018-08-22</subfield>
    <subfield code="o">M385t</subfield>
    <subfield code="p">47816-10</subfield>
    <subfield code="r">2020-06-25</subfield>
    <subfield code="w">2020-06-25</subfield>
    <subfield code="y">LBS1</subfield>
  </datafield>
  <datafield tag="952" ind1=" " ind2=" ">
    <subfield code="0">0</subfield>
    <subfield code="1">0</subfield>
    <subfield code="2">ddc</subfield>
    <subfield code="5">1</subfield>
    <subfield code="7">0</subfield>
    <subfield code="8">PD</subfield>
    <subfield code="a">BNPHU</subfield>
    <subfield code="b">BNPHU</subfield>
    <subfield code="c">CT</subfield>
    <subfield code="d">2019-05-07</subfield>
    <subfield code="e">Dep&#xF3;sito legal</subfield>
    <subfield code="l">0</subfield>
    <subfield code="o">M385t</subfield>
    <subfield code="p">2022-4953</subfield>
    <subfield code="r">2022-11-04</subfield>
    <subfield code="t">e,2</subfield>
    <subfield code="w">2022-11-04</subfield>
    <subfield code="y">LBS1</subfield>
    <subfield code="z">Ejemplar autografiado por el autor</subfield>
  </datafield>
  <datafield tag="999" ind1=" " ind2=" ">
    <subfield code="c">47304</subfield>
    <subfield code="d">47304</subfield>
  </datafield>
</record>
